An introduction to computational fluid mechanics /

Bibliographic Details
Main Author: Chow, Chuen-Yen, 1932-
Format: Book
Language:English
Published: New York : Wiley, [1979]
Subjects:

MARC

Tag First Indicator Second Indicator Subfields
LEADER 00000pam a2200000 i 4500
001 in00000695453
005 20151016052431.0
008 781208s1979 nyua b 00110 eng
010 |a  78027555  
020 |a 0471156086 
035 |a (OCoLC)04515211 
035 |9 ADB6564AM 
040 |a DLC  |c DLC  |d TXA  |d UtOrBLW 
049 |a TXAM  |c [982023] 
050 0 0 |a TA357  |b .C475 
082 0 |a 532/.05 
100 1 |a Chow, Chuen-Yen,  |d 1932- 
245 1 3 |a An introduction to computational fluid mechanics /  |c Chuen-Yen Chow. 
264 1 |a New York :  |b Wiley,  |c [1979] 
264 4 |c ©1979 
300 |a xii, 396 pages :  |b illustrations ;  |c 24 cm. 
336 |a text  |b txt  |2 rdacontent 
337 |a unmediated  |b n  |2 rdamedia 
338 |a volume  |b nc  |2 rdacarrier 
500 |a Includes indexes. 
504 |a Bibliography: pages 385-389. 
650 0 |a Fluid mechanics. 
650 0 |a Fluid mechanics  |x Data processing. 
999 |a MARS 
999 f f |s cdea6707-b769-35b6-a192-2a860c436ec9  |i b7f55d19-4c5d-3e21-ba9f-614b55a32d84  |t 0 
952 f f |p ric  |a Texas A&M University  |b Rellis Campus  |c Joint Library Facility  |d Remote Storage  |t 0  |e TA357 .C475  |h Library of Congress classification  |i unmediated -- volume  |m A14805305004 
998 f f |a TA357 .C475  |t 0  |l Remote Storage